La vita nuova ; (Record no. 26308)

MARC details
000 -LEADER
campo de control de longitud fija 00574nam a2200193 i 4500
001 - NÚMERO DE CONTROL
campo de control 26308
003 - IDENTIFICADOR DE NÚMERO DE CONTROL
campo de control ES-MaACL
005 - FECHA Y HORA DE LA ÚLTIMA TRANSACCIÓN
campo de control 20240127062958.0
007 - CAMPO FIJO DE DESCRIPCIÓN FÍSICA--INFORMACIÓN GENERAL
campo de control de longitud fija t|
008 - DATOS DE LONGITUD FIJA--INFORMACIÓN GENERAL
campo de control de longitud fija 030108s1878 it ||||1| ita d
100 0# - ENTRADA PRINCIPAL--NOMBRE DE PERSONA
Nombre de persona Dante Alighieri,
Fechas asociadas al nombre 1265-1321
9 (RLIN) 42657
245 13 - MENCIÓN DEL TÍTULO
Título La vita nuova ;
Resto del título Il convito ; Il canzoniere /
Mención de responsabilidad, etc. Dante Alighieri.
260 ## - PUBLICACIÓN, DISTRIBUCIÓN, ETC.
Lugar de publicación, distribución, etc. Milano :
Nombre del editor, distribuidor, etc. Edoardo Sonzogno,
Fecha de publicación, distribución, etc. 1878.
300 ## - DESCRIPCIÓN FÍSICA
Extensión 325 p. ;
Dimensiones 18 cm.
740 32 - ENTRADA AGREGADA--TÍTULO RELACIONADO/ANALÍTICO NO CONTROLADO
Título relacionado o analítico no controlado Il convito.
740 32 - ENTRADA AGREGADA--TÍTULO RELACIONADO/ANALÍTICO NO CONTROLADO
Título relacionado o analítico no controlado Il canzoniere.
852 ## - LOCALIZACIÓN
Ubicación ES-MaACL
Número de control de estantería G-10423(2)
Nota libre - Enc. con otras obras
Holdings
Estatus retirado Estado de pérdida Estado de daño No para préstamo Colección Biblioteca de origen Biblioteca actual Ubicación en estantería Fecha de adquisición Fuente de adquisición Total de préstamos Signatura topográfica completa Código de barras Visto por última vez Precio de reemplazo Tipo de ítem Koha
        Libros del s. XIX Biblioteca del Ateneo de Madrid Biblioteca del Ateneo de Madrid Sala Pecera Planta 3 17/01/2008     G-10423(2) 1027149 23/02/2023 23/02/2023 Libro impreso antiguo